000 00659nam a2200181Ia 4500
008 100920s9999 xx 000 0 und d
082 _b21149
_a28 व 51 थ 69
100 _aवाळिंबे मोरेश्वर माधव.
245 _aनामदार गोखले.
260 _bअरगडे कुलकर्णी प्रकाशन, पुणे.
_c1969
300 _a22
_bसाधी
365 _b0.5
520 _aबा. वि चरित्र.
630 _aनामदार गोखले.
650 _aबा. वि चरित्र.
730 _aनामदार गोखले.
942 _cBOOK
999 _c681311
_d681308